Biología COU

Gespeichert in:
Bibliographische Detailangaben
1. Verfasser: Ortiz de Lanzagorta, Menchu .
Weitere Verfasser: Dobao, Carmen
Format: Buch
Sprache:Spanisch
Erschienen: Madrid : Akal, 1992
Katalog:MANES:  Suchergebnis im Bibliothekskatalog
Schulbuchspezifische Eigenschaften:
Schriftenreihe:Biblioteca de Aula (Akal)
Tags: Tag hinzufügen
Keine Tags, Fügen Sie den ersten Tag hinzu!
Hinzugefügt zu:09.02.2019
Geändert in:07.05.2025

MARC

LEADER 00000cam a2200000 4500
005 20250507134537.0
008 190210s1992 espa fp 000 0 spa d
020 |a 8446001454 
040 |a uned  |b spa  |c entro-manes 
041 0 |a spa 
100 2 |a Ortiz de Lanzagorta, Menchu . 
245 1 0 |a Biología COU  |c Menchu Ortíz de Lanzagorta, Carmen Dobao 
260 |a Madrid :  |b Akal,  |c 1992 
300 |a 614 p. : il. col. 
490 0 0 |a Biblioteca de Aula  |v 5 
546 |a España 
561 |5 es-BUNED  |3 57ORT  |a España. Fondo Manes UNED  |k MANES 
690 0 |a CN 
691 0 |a SE 
700 1 0 |a Dobao, Carmen  |9 40254 
830 0 0 |a Biblioteca de Aula (Akal)   |9 40255 
942 |2 ddc  |c BK 
999 |c 96880  |d 96880 
999 |c manes:96880  |d 96880